=LDR 00000nam 2200000 4500 =001 NUTBA000000000005778 =005 20200616073351 =035 ##$$a 0010-111400000000257 =008 200616################g##########0#ind## =082 ##$$a 2x4.12 =090 ##$$a 2x4.12 Kha f =100 1#$$a Khumais,Athiyah =245 1#$$a Fiqih wanita tentang shalat /$c Muhammad Athiyah Khumais =260 ##$$a Jakarta :$b Media Dakwah,$c 1993 =300 ##$$a 130 hlm ; $c 12 x 15 cm =850 ##$$aNBPNMAT =084 ##$$a 2x4.12 KHU f =250 ##$$a cet.3 =650 #4$$a Shalat wanita-hukum islam =990 ##$$a 00088512 =990 ##$$a 94. 357/Pro- 96